000 00331nam a2200133Ia 4500
008 230801s9999||||xx |||||||||||||| ||und||
082 _a204.4
_bT3741
100 _aThe Times of India
245 4 _aThe best of Speaking tree
260 _aNew Delhi
_bTimes Group Books
_c2004
300 _a159 p.
440 _vVol. 2
942 _cBK
999 _c26904
_d26904